Technology transfer to East Europe : U.S. Corporate Experience

Enregistré dans:
Détails bibliographiques
Auteur principal: Hayden, Eric W.
Format: Livre
Langue:Undetermined
Publié: New York Praeger Publishers 1976
Sujets:
Tags: Ajouter un tag
Pas de tags, Soyez le premier à ajouter un tag!
Thư viện lưu trữ: Trung tâm Học liệu Trường Đại học Cần Thơ
LEADER 00534nam a2200193Ia 4500
001 CTU_78379
008 210402s9999 xx 000 0 und d
082 |a 338.4 
082 |b H414 
100 |a Hayden, Eric W. 
245 0 |a Technology transfer to East Europe : 
245 0 |b U.S. Corporate Experience 
245 0 |c Eric W. Hayden 
260 |a New York 
260 |b Praeger Publishers 
260 |c 1976 
650 |a Technology transfer 
650 |z Europe, Eastern 
980 |a Trung tâm Học liệu Trường Đại học Cần Thơ